Awo, on the trail of a titan : (Record no. 14681)
[ view plain ]
| 000 -LEADER | |
|---|---|
| fixed length control field | 01061nam a2200289Ia 4500 |
| 008 - FIXED-LENGTH DATA ELEMENTS--GENERAL INFORMATION | |
| fixed length control field | 210303s9999 xx 000 0 und d |
| 016 ## - NATIONAL BIBLIOGRAPHIC AGENCY CONTROL NUMBER | |
| Source | retro2021 |
| 016 ## - NATIONAL BIBLIOGRAPHIC AGENCY CONTROL NUMBER | |
| Source | retro2021 |
| 020 ## - INTERNATIONAL STANDARD BOOK NUMBER | |
| ISBN | 9789788088691 |
| 040 ## - CATALOGING SOURCE | |
| Original cataloging agency | NLN |
| Language of cataloging | English |
| 100 ## - MAIN ENTRY--AUTHOR | |
| Author | Oke, David Olatunbosun |
| Relator term | aut |
| 245 #0 - TITLE STATEMENT | |
| Title | Awo, on the trail of a titan : |
| Remainder of title | essays in celebration of the Obafemi Awolowo Centennial / |
| Statement of responsibility, etc | David Olatunbosun Oke |
| 260 ## - PUBLICATION, DISTRIBUTION, ETC. (IMPRINT) | |
| Place of publication | Gbagada, Lagos state ( 28, Lanre Awolokun Road, Gbagada Phase II ) : |
| Name of publisher | Obafemi Awolowo Foundation |
| Date of publication | 2009 |
| 300 ## - COLLATION | |
| Pagination | xxv,343p. |
| Other physical details | :ill., ports. ; 24cm. |
| 563 ## - BINDING INFORMATION | |
| Binding note | (pbk) |
| 650 ## - TRACINGS | |
| Main Subject | Awolowo, Obafemi, 1909-1987 |
| 650 ## - TRACINGS | |
| Main Subject | Politicians |
| Subdivision (1st) | Nigeria |
| Subdivision (2nd) | Biography |
| 650 ## - TRACINGS | |
| Main Subject | Awolowo, Obafemi |
| Subdivision (1st) | Philosophy |
| 650 ## - TRACINGS | |
| Main Subject | Awolowo, Obafemi |
| Subdivision (1st) | Political activity |
| 650 ## - TRACINGS | |
| Main Subject | Political Leadership |
| Subdivision (1st) | Nigeria |
| 650 ## - TRACINGS | |
| Main Subject | Awolowo, Obafemi |
| Subdivision (1st) | Centennial celebrations, etc. |
| 700 ## - ADDITIONAL AUTHOR | |
| Additional Author | <a href="OKE,daid O. ">OKE,daid O. </a> |
| 942 ## - ADDED ENTRY ELEMENTS (KOHA) | |
| Item type | Books |
| 942 ## - ADDED ENTRY ELEMENTS (KOHA) | |
| Suppress in OPAC | No |
| 050 ## - LIBRARY OF CONGRESS CALL NUMBER | |
| Classification number | DT515.63 |
| Item number | .A967O41 |
| 082 ## - DEWEY DECIMAL CLASSIFICATION NUMBER | |
| Classification number | 923.2 |
| Source of classification or shelving scheme | Not for loan | Home library | Current library | Date acquired | Full call number | Barcode. | Koha item type |
|---|---|---|---|---|---|---|---|
| Library of Congress Classification | IBADAN BRANCH LIBRARY | National Library of Nigeria | 04/03/2021 | DT515.63 A967O41 | 2023-0977 | Books | |
| Library of Congress Classification | LAGOS BRANCH | National Library of Nigeria | 28/09/2023 | DT515.63 A967O41 | 2023-0978 | Books | |
| Library of Congress Classification | ABUJA LIBRARY BRANCH | National Library of Nigeria | 28/09/2023 | DT515.63 A967O41 | 2023-0979 | Books |
